| 000 | 00508nam a22001817a 4500 | ||
|---|---|---|---|
| 999 |
_c195060 _d195060 |
||
| 005 | 20230213123926.0 | ||
| 010 | _aENG-136171 | ||
| 020 |
_a9788128831621 _c200.00 |
||
| 035 | _aEN-119703 | ||
| 037 | _bDBAD/PUB | ||
| 082 | _aN | ||
| 100 | _aPathak, Surender Mohan | ||
| 245 |
_aThe Last Goal/ _cSurender Mohan Pathak |
||
| 260 |
_aNew Delhi _bDiamond Pocket Books _c2011 |
||
| 270 |
_aX-30, Okhla Industrial Area, Phase-II _bNew Delhi _e110020 |
||
| 300 |
_a245p. _c22cm(pbk) |
||
| 942 |
_2ddc _cEN _hN _mPAT |
||